Bastidor de una central telefónica digital privada PABX

שמור ב:
מידע ביבליוגרפי
מחבר ראשי: Sancho Arroyo, Hugo
פורמט: ספר
יצא לאור: [San José , Costa Rica] 1990
תגים: הוספת תג
אין תגיות, היה/י הראשונ/ה לתייג את הרשומה!

MARC

LEADER 00000nam a2200000Ia 4500
003 004097
005 20221231144332.0
008 140114s1990 cr a m 000 ||s d
040 |c cru CEDI 
090 |a TFG 2361 
100 |a Sancho Arroyo, Hugo  |9 12991 
245 |a Bastidor de una central telefónica digital privada PABX 
260 |c 1990  |a [San José , Costa Rica] 
300 |a xii, 74 hojas :ilustraciones  
500 |a Proyecto de graduación (bachiller en ingeniería eléctrica)--Universidad de Costa Rica. Facultad de Ingeniería. Escuela de Ingeniería Eléctrica 
942 |c TFG 
999 |c 20342  |d 20342